00974nam a2200253Ia 4500008004100000016001400041020001500055040002400070050002400094082001500118100004400133245012300177250001200300260004400312300004200356500004000398563001200438650003300450700004500483700004000528942001000568999001700578952012500595210303s9999 xx 000 0 und d 2reto2022b a0262081369 aNLNbEnglisheAACR2 aDS36.85b.G331 1983 a909.097671 aJohn S. Badeau ... [et al.]eaut958104 4aThe GENIUS of Arab civilization :bsource of Renaissance /cJohn S. Badeau ... [et al.], edited by John Richards Hayes a2nd ed. aMassachusetts :bThe M.I.T Press,c1983 ax, 260p. : bill., col. ports. ; 31cm aIncludes bibliographical references a(cased) aCivilization, Islamic942678 aHayes, John Richard, d1933-eedt958105 aBadeau, John S. ... [et al.]958106 n0cBK c21200d21200 00102lcc4070aLAGbMAINd2021-03-04l0oDS36.85 .G331 1983p2024-555555550999649r2021-03-04 00:00:00w2021-03-04yBK